| 000 | 00798nmc a2200301 a 4500 | ||
|---|---|---|---|
| 003 | AR-BaBNM | ||
| 005 | 20251128204221.0 | ||
| 008 | 011101s1992 ||||||||||||||000 | spa|| | ||
| 020 | _a950-701-038-6 | ||
| 040 | _cAR-BaBNM | ||
| 100 | 1 | _aFainholc, Beatriz | |
| 245 | 1 | 0 |
_aEducación rural _btemas claves |
| 250 | _a2ª ed. | ||
| 260 |
_aBuenos Aires _bAique _c1992 |
||
| 300 | 0 | _a59 p. | |
| 490 | 0 | _aDidáctica | |
| 504 | _aNotas bibliográficas y bibliografía general p. 59 | ||
| 650 | 4 | _aEDUCACION RURAL | |
| 650 | 4 | _aOBJETIVOS EDUCACIONALES | |
| 650 | 4 | _aAGRICULTURA | |
| 650 | 4 | _aANIMADORES DE LA COMUNIDAD | |
| 650 | 4 | _aDINAMICA DE GRUPO | |
| 651 | 4 | _aArgentina | |
| 653 | 0 | _aINVESTIGACION EDUCATIVA | |
| 653 | 0 | _aEDUCACION A DISTANCIA | |
| 942 | _cBK | ||
| 998 | _cCarmen | ||
| 999 |
_c6617 _d6617 |
||